h1

h2

h3

h4

h5
h6
000565954 001__ 565954
000565954 005__ 20180813145059.0
000565954 037__ $$aRWTH-2016-00223
000565954 041__ $$aGerman
000565954 1001_ $$0P:(DE-82)IDM02591$$aBosse, Dennis$$b0$$urwth
000565954 1112_ $$aMesse Hannover$$cHannover$$d2012-04-23 - 2012-04-27$$wGermany
000565954 245__ $$aInterdisziplinäre Forschung zum Betriebsverhalten von On-Shore Windkraftanlagen auf einem neuartigen Systemprüfstand$$hdata medium
000565954 260__ $$c2012
000565954 3367_ $$0PUB:(DE-HGF)6$$2PUB:(DE-HGF)$$aConference Presentation$$bconf$$mconf
000565954 3367_ $$033$$2EndNote$$aConference Paper
000565954 3367_ $$2DataCite$$aOther
000565954 3367_ $$2ORCID$$aLECTURE_SPEECH
000565954 3367_ $$2DRIVER$$aconferenceObject
000565954 3367_ $$2BibTeX$$aINPROCEEDINGS
000565954 7001_ $$0P:(DE-82)IDM00465$$aJacobs, Georg$$b1
000565954 909CO $$ooai:publications.rwth-aachen.de:565954$$pVDB
000565954 9141_ $$y2012
000565954 9201_ $$0I:(DE-82)411710_20140620$$k411710$$lLehrstuhl und Institut für Maschinenelemente und Maschinengestaltung$$x0
000565954 9201_ $$0I:(DE-82)080027_20150707$$k080027$$lCenter for Wind Power Drives$$x1
000565954 961__ $$c2016-01-11T13:23:21.396028$$x2016-01-11T13:23:21.396028$$z2016-01-12
000565954 980__ $$aconf
000565954 980__ $$aUNRESTRICTED
000565954 980__ $$aVDB
000565954 980__ $$aI:(DE-82)411710_20140620
000565954 980__ $$aI:(DE-82)080027_20150707